| 000 | 00486nam a22001817a 4500 | ||
|---|---|---|---|
| 003 | LK-CoDNM | ||
| 005 | 20241224144514.0 | ||
| 008 | 241223b |||||||| |||| 00| 0 eng d | ||
| 040 |
_aLK-CoDNM _dLK-CoDNM _eLK-CoDNM |
||
| 041 | _aeng | ||
| 080 |
_a3 _bI10 |
||
| 100 | _ahewitson william c. | ||
| 245 |
_aIllustrations of new species exotic butterflies _bvo iv |
||
| 260 |
_cjohn van voorst london _a1867-1871 |
||
| 300 | _a ill ; 30 cm | ||
| 650 | _asciences | ||
| 942 | _cBK | ||
| 999 |
_c234174 _d234174 |
||